000 00396pab a2200145 454500
008 180718b2004 xxu||||| |||| 00| 0 eng d
100 _aSadles-Smith, Eugene
245 _aCognitive style and the management of small and medium-sized enterprises
260 _c2004
300 _ap.155-81.
362 _aFeb
650 _aSmall scale industry
773 _aOrganization Studies
909 _a59716
999 _c59716
_d59716